Online
Catalog

Semántica : (Record no. 11571)

MARC details
000 -CABECERA
campo de control de longitud fija 00916nam a2200241 a 4500
001 - NÚMERO DE CONTROL
campo de control 000011901
005 - FECHA Y HORA DE LA ÚLTIMA TRANSACCIÓN
campo de control 20200929162618.0
008 - DATOS DE LONGITUD FIJA--INFORMACIÓN GENERAL
campo de control de longitud fija 091029s1985 sp a 000 0 spa d
020 ## - NÚMERO INTERNACIONAL ESTÁNDAR DEL LIBRO
Número Internacional Estándar del Libro 8437605431
040 ## - FUENTE DE LA CATALOGACIÓN
Centro catalogador/agencia de origen DO-SdBNP
Lengua de catalogación spa
Centro/agencia transcriptor BNPHU
041 17 - CÓDIGO DE LENGUA
Código de lengua del texto/banda sonora o título independiente spa
Código de lengua original eng
Fuente del código Código de idioma MARC
082 ## - NÚMERO DE LA CLASIFICACIÓN DECIMAL DEWEY
Número de clasificación 412
Número de documento/Ítem F653s
049 ## - FONDOS LOCALES (OCLC)
Fondos de biblioteca BNGR
100 1# - ENTRADA PRINCIPAL--NOMBRE DE PERSONA
Nombre de persona Fodor, Janet D.
Forma completa/desarrollada del nombre (Janet Dean)
9 (RLIN) 28146
240 10 - TÍTULO UNIFORME
Título uniforme Semantics: theories of meaning in generative gramar
Lenguaje de la obra español
245 10 - MENCIÓN DE TÍTULO
Título Semántica :
Resto del título teorías del significado en la gramática generativa /
Mención de responsabilidad, etc. Janet D. Fodor ; traductor, Francisco Aliaga García.
260 ## - PUBLICACIÓN, DISTRIBUCIÓN, ETC.
Lugar de publicación, distribución, etc. Madrid :
Nombre del editor, distribuidor, etc. Cátedra,
Fecha de publicación, distribución, etc. 1985.
300 ## - DESCRIPCIÓN FÍSICA
Extensión 317 p. :
Otras características físicas il. ;
Dimensiones 21 cm.
490 1# - MENCIÓN DE SERIE
Mención de serie Lingüística
534 ## - NOTA SOBRE LA VERSIÓN ORIGINAL
Frase introductoria Título original en inglés:
Mención de título del original Semantics: theories of meaning in generative gramar
Publicación, distribución, etc. del original Thomas Crowell Co., 1977
650 #4 - PUNTO DE ACCESO ADICIONAL DE MATERIA--TÉRMINO DE MATERIA
Término de materia o nombre geográfico como elemento de entrada Semiología (lingüística)
9 (RLIN) 28035
830 #0 - PUNTO DE ACCESO ADICIONAL DE SERIE-TÍTULO UNIFORME
Título uniforme Lingüística
9 (RLIN) 16423
Holdings
Estado de retiro Estado de pérdida Restricciones de uso No para préstamo Código de colección Localización permanente Ubicación/localización actual Ubicación en estantería Fecha de adquisición Número de inventario Total de préstamos Signatura topográfica completa Código de barras Fecha visto por última vez Precio válido a partir de Tipo de ítem Koha
    Préstamo interno   Monografías: Libros y Folletos General General En catalogación 29.10.2009 LF1   412 F653s 11901-10 25.06.2020 25.06.2020 Préstamo interno

Powered by Koha